| 000 | 01059nam a22002297a 4500 | ||
|---|---|---|---|
| 999 |
_c4644 _d4644 |
||
| 001 | 12455 | ||
| 003 | BD-DhUAP | ||
| 005 | 20201116113405.0 | ||
| 008 | 201111r20082003bg ||||| |||| 00| 0 eng d | ||
| 020 | _a9844151619 | ||
| 040 |
_aBD-DhUAP _bBen _cBD-DhUAP _dBD-DhUAP |
||
| 082 |
_223 _a190.9 RUS |
||
| 100 | _aরাসেল, বার্ট্রান্ড। | ||
| 245 |
_aপাশ্চাত্য দর্শনের ইতিহাস / _cবার্ট্রান্ড রাসেল ; প্রদীপ রায় অনূদিত। |
||
| 260 |
_aঢাকা : _bমাওলা ব্রাদার্স, _cc২০০৩ [মুদ্রণ ২০০৮]। |
||
| 300 |
_a১৯৯ পৃষ্ঠা ; _c২২ সে.মি.। |
||
| 500 | _aনিঘন্ট সম্বলিত । | ||
| 501 | _aপুস্তক-৩ আধুনিক দর্শন : খণ্ড-১ : রেনেসাঁ থেকে হিউম । | ||
| 650 | _aPhilosophy. | ||
| 700 | _aরায়, প্রদীপ। | ||
| 942 |
_2ddc _cBK |
||